| 000 | 00833cam a2200301 4500 | ||
|---|---|---|---|
| 001 | J87105 | ||
| 008 | 090401t1997 xxu||||| |||| 00| 0 eng d | ||
| 020 | _a1853558079 | ||
| 035 | _a(Sirsi) u81507 | ||
| 041 | _aeng | ||
| 050 | _a657.833 | ||
| 100 | _aHunt, David | ||
| 245 | _aProperty companies: an industry accounting and auditing guide. | ||
| 250 | _a5th ed. | ||
| 260 |
_aMilton Keynes _bAccountancy Books _c1997 |
||
| 300 | _axi,312p. ; 21cm. | ||
| 350 | _a55 | ||
| 650 | _aMANAGEMENT-BUSINESS MANAGEMENT-FINANCIAL MANAGEMENT-ACCOUNTING | ||
| 650 | _aAUDITING | ||
| 650 | _aFIXED ASSETS | ||
| 650 | _aPROPERTY COMPANIES | ||
| 650 | _aPROPERTY FINANCE | ||
| 650 |
_aValuation _96273 |
||
| 690 | _aPROPERTY-PROPERTY FINANCE AND INVESTMENT | ||
| 700 | _aHilton, Dudley | ||
| 942 | _n0 | ||
| 948 | _c17/10/1997 | ||
| 999 |
_c96725 _d96725 |
||